| 000 | 01239cam a2200361ua 4500 | ||
|---|---|---|---|
| 001 | 4449727 | ||
| 003 | ARRUPE | ||
| 005 | 20150327150718.0 | ||
| 008 | 850718s1985 mauaf b 001 0aeng | ||
| 010 | _a85000081 | ||
| 020 | _a0262070928 | ||
| 035 | _a(OCoLC)11178040 | ||
| 035 | _a(OCoLC)ocm11178040 | ||
| 035 | _a(NNC)4449727 | ||
| 040 |
_dCStRLIN _cArrupe |
||
| 041 | 1 |
_aeng _hger |
|
| 043 | _ae-gx--- | ||
| 050 | 0 |
_aB3248.G34 _bA3613 1985 |
|
| 090 |
_aB3248.G34 _bA3613 1985 |
||
| 100 | 1 |
_aGadamer, Hans-Georg, _d1900-2002. _916724 |
|
| 245 | 1 | 0 |
_aPhilosophical apprenticeships / _cHans-Georg Gadamer ; translated by Robert R. Sullivan. |
| 260 |
_aCambridge, Mass. : _bMIT Press, _cc1985. |
||
| 300 |
_axviii, 198 p., [9] p. of plates : _bill. ; _c24 cm. |
||
| 490 | 1 | _aStudies in contemporary German social thought | |
| 500 | _aTranslation of: Philosophische Lehrjahre. | ||
| 504 | _aIncludes bibliographical references and index. | ||
| 600 | 1 | 0 |
_aGadamer, Hans-Georg, _d1900-2002. _916725 |
| 650 | 0 |
_aPhilosophers _zGermany _vBiography. _914969 |
|
| 650 | 0 |
_aPhilosophy, German _y20th century. _916726 |
|
| 830 | 0 |
_aStudies in contemporary German social thought. _916727 |
|
| 942 |
_2lcc _cMONOGRAPH |
||
| 999 |
_c122535 _d122535 |
||